00263nam a2200109Ia 4500008004100000041000800041082001200049100001800061245002400079260003100103300001900134241028s9999 xx 000 0 und d aeng a947 MOS aWalter G Moss aA History Of Russia bAnthem PressaLondonc2005 a632;. P. 23 cm